Donkey Kong Country Returns - Statistics

General Stats
  • This quiz has been taken 62 times
    49 since last reset
  • The average score is 9 of 11
Answer Stats
Hint Answer % Correct
The 1st world Jungle
100%
The 2nd world Beach
97%
The 4th World Cave
97%
The 3rd world Ruins
94%
The 5th world Forest
91%
The 7th world Factory
88%
The last world Volcano
88%
The 6th world Cliff
85%
The colour of the button in the Factory Red
82%
The main enemy in the volcano Tiki Tong
58%
The 3rd level in the game Tree top bop
48%
No matching quizzes found
Score Distribution
Percent of People with Each Score
Percentile by Number Answered
Your Score History
You have not taken this quiz since the last reset